Statistics for Yellowstone National Park Wildlife

Click here to take the quiz!

General Stats

  • This quiz has been taken 7 times
  • The average score is 51 of 76

Answer Stats

Answer% Correct
American Black Bear
100%
Bighorn Sheep
100%
Canada Lynx
100%
Common Raccoon
100%
Elk
100%
Gray Wolf
100%
Great Grey Owl
100%
Great Horned Owl
100%
Prairie Rattlesnake
100%
Red Fox
100%
Snowshoe Hare
100%
American Badger
83%
American Bison
83%
American Red Squirrel
83%
Bald Eagle
83%
Bobcat
83%
Brown Bear
83%
Coyote
83%
Least Chipmunk
83%
Long Tailed Weasel
83%
Moose
83%
Mule Deer
83%
Pileated Woodpecker
83%
Red Tailed Hawk
83%
Ruddy Duck
83%
Ruffed Grouse
83%
Trumpeter Swan
83%
Wolverine
83%
Yellow Bellied Marmot
83%
Yellowstone Cutthroat Trout
83%
American Beaver
67%
American Kestrel
67%
American Pika
67%
American White Pelican
67%
Black Billed Magpie
67%
Cougar
67%
Dusky Grouse
67%
Golden Mantled Ground Squirrel
67%
Mountain Bluebird
67%
Mountain Chickadee
67%
Mountain Goat
67%
North American Porcupine
67%
North American River Otter
67%
Pronghorn
67%
Sandhill Crane
67%
Short Tailed Weasel
67%
Striped Skunk
67%
Uinta Ground Squirrel
67%
Western Toad
67%
White Tailed Jackrabbit
67%
American Mink
50%
Common Loon
50%
Common Muskrat
50%
Fisher
50%
Green Winged Teal
50%
Montane Vole
50%
Mountain Cottontail
50%
Northern Flying Squirrel
50%
Osprey
50%
Pacific Marten
50%
Sagebrush Lizard
50%
Terrestrial Garter Snake
50%
Western Tiger Salamander
50%
White Crowned Sparrow
50%
White Tailed Deer
50%
American Wigeon
33%
Boreal Chorus Frog
33%
Bullsnake
33%
Canada Jay
33%
Clark's Grebe
33%
Clark's Nutcracker
33%
Lazuli Bunting
33%
Lesser Scaup
33%
Rubber Boa
33%
Yellow headed Blackbird
33%
Columbia Spotted Frog
0%

Score Distribution

Percentile by Number Answered

Percent of People with Each Score

Your Score History

You have not taken this quiz